000 00608nam a2200193 i 4500
001 184793
003 ES-MaACL
005 20231119135544.0
008 160111s2012 sp |||| | spa d
020 _a978-84-15679-89-9
080 _a821.134.2-1"19"
100 1 _aMetola Amat, Ricardo.
_9158463
245 1 0 _aMoros y cristianos
_b: versos para el no olvido /
_cRicardo Metola (Ricardo Murciano).
260 _aSevilla :
_bPunto Rojo Libros,
_c[2012]
300 _a114 p. ;
_c21 cm.
852 _aES-MaACL
_jA.13553
_9191808
_bR.150699
_cDEPO1
_dOlim: N-6553
942 _2udc
999 _c184793
_d184793